Statistiques concernant Dates : Histoire des Etats-Unis (USA)

Cliquez ici pour prendre le quiz!

Statistiques générales

  • Ce quiz a été pris 224 fois
  • Le résultat moyen est 10 sur 15

Statistiques - réponses

EvénementDate% Correct
Attentats du World Trade Center2001
98%
Attaque de la base de Pearl Harbor par le Japon1941
91%
Rentrée des Etats-Unis dans la Première Guerre Mondiale1917
89%
Martin Luther King prononce le discours "I have a Dream"1963
88%
Assassinat de John F. Kennedy1963
88%
Déclaration d'indépendance des Etats-Unis1776
79%
Affaire du Watergate1972
71%
Election de Ronald Reagan1980
68%
Fin de la Guerre de Sécession1865
61%
Début de la politique du New Deal1933
58%
Rachat de la Louisiane1803
50%
Guerre Hispano-Américaine1898
35%
Début de la Fabrication de la Ford T1908
35%
Inauguration de la Statue de la Liberté1886
34%
Fin de la guerre Américano mexicaine1848
30%

Distribution des résultats

Percentile par nombre de réponses

% des personnes avec chaque résultat

Votre développement - résultats

Vous n’avez pas pris ce quiz